000 00444nam a2200157 i 4500
001 30398
003 ES-MaACL
005 20230906154204.0
007 t|
008 030124s1968 sp ||||1| spa d
245 0 3 _aEl bautismo de los niƱos en ambientes descritianizados /
_cP. Gerbe... [et al.].
260 _aMadrid :
_bMarova,
_c[1968]
300 _a243 p. ;
_c21 cm.
700 1 _aGerbe, P.
_956421
852 _aES-MaACL
_jC-49965
_bR.66545
999 _c30398
_d30398